MARC

LEADER 00000nam2a2200000 4500
001 57080
005 20241126170204.0
010 |a 5329006937 
035 |a (RuTPU)RU\TPU\book\60135 
090 |a 57080 
100 |a 20031021d2003 m y0rusy50 ca 
101 0 |a rus 
102 |a RU 
105 |a y j 000zy 
200 0 |a Кн. 2: Россия в XX - начале XXI века 
210 |d 2003 
215 |a 672 с. 
461 1 |0 (RuTPU)RU\TPU\book\60506  |y 5-329-00691-0  |t Отечественная история  |o учебное пособие  |o в 2 кн.  |f М. Н. Зуев  |v Кн. 2: Россия в XX - начале XXI века  |d 2003- 
606 |a Россия  |x История  |9 81526 
610 1 |a экономика 
610 1 |a революционное движение 
610 1 |a самодержавие 
610 1 |a Октябрьская революция 
610 1 |a Гражданская война 1918-1921 
610 1 |a иностранная интервенция 
610 1 |a НЭП 
610 1 |a внешняя политика 
610 1 |a Великая Отечественная война 1941-1945 
610 1 |a наука 
610 1 |a культура 
610 1 |a государственность 
610 1 |a репрессии 
610 1 |a оттепель 
610 1 |a застой 
610 1 |a перестройка 
610 1 |a новое мышление 
610 1 |a путч 
610 1 |a ГКЧП 
610 1 |a Российская Федерация 
610 1 |a государственно-политическое развитие 
610 1 |a учебные пособия 
610 1 |a 19 век 
610 1 |a 21 век 
686 |a Т3(2)я7  |2 rubbk 
801 1 |a RU  |b 63413507  |c 20031021  |g PSBO 
801 2 |a RU  |b 63413507  |c 20151211  |g PSBO 
942 |c BK